| 000 | 00526nam a22001817a 4500 | ||
|---|---|---|---|
| 008 | 250219b |||||||| |||| 00| 0 spa d | ||
| 020 | _a9509122939 | ||
| 022 | _29509122939 | ||
| 040 |
_aCO-JMCR _bspa _cCO-JMCR _dCO-JMCR _erda |
||
| 041 | 0 | _aspa | |
| 082 | 0 | 4 |
_a330 _bB42 |
| 100 | 1 |
_eautor _aBeker, Víctor A., _944099 |
|
| 245 | 1 | 0 |
_aEstado y mercado: _bVerdaderas y falsas antinomias / _cVíctor A. Beker |
| 250 | _a1° Edición | ||
| 264 |
_aBuenos aires : _bAriel, _c2005. |
||
| 300 |
_a168 páginas: _c23 cm. |
||
| 999 |
_c30957 _d17341 |
||